00426nam a22001337a 4500008004100000040005500041080001600096100001600112245007300128260004800201300001500249650001300264653001500277230501b |||||||| |||| 00| 0 eng d aNational Science LibrarycNational Science Library a54(091)bJ7 aRead, John  aThrough alchemy to chemistry: bA procession of idea & personalities aNew York: bHarper & Row Publishers, c1963 axiv, 206p. aAlchemy  aChemistry